Peril at end house (Record no. 5878)

MARC details
000 -CABECERA
campo de control de longitud fija 00473nam a2200193 a 4500
001 - NÚMERO DE CONTROL
campo de control BRCA_6191
005 - FECHA Y HORA DE LA ÚLTIMA TRANSACCIÓN
campo de control 20190320205351.0
008 - DATOS DE LONGITUD FIJA--INFORMACIÓN GENERAL
campo de control de longitud fija 120711s1932----nyu#######---#000-0#eng-#
041 ## - CÓDIGO DE LENGUA
Código de lengua del texto/banda sonora o título independiente eng
044 ## - CÓDIGO DEL PAÍS DE LA ENTIDAD EDITORA/PRODUCTORA
Código MARC del país nyu
050 #4 - SIGNATURA TOPOGRÁFICA DE LA BIBLIOTECA DEL CONGRESO
Número de clasificación PZ3 CH4637
Número de documento/Ítem .P47 1932
245 10 - MENCIÓN DE TÍTULO
Título Peril at end house
Mención de responsabilidad, etc. Agatha Christie
260 ## - PUBLICACIÓN, DISTRIBUCIÓN, ETC.
Lugar de publicación, distribución, etc. Nueva York
Nombre del editor, distribuidor, etc. Modern Age Books
Fecha de publicación, distribución, etc. 1938
300 ## - DESCRIPCIÓN FÍSICA
Extensión 177 p.
Dimensiones 19 cm.
500 ## - NOTA GENERAL
Nota general I51
650 14 - PUNTO DE ACCESO ADICIONAL DE MATERIA--TÉRMINO DE MATERIA
Término de materia o nombre geográfico como elemento de entrada Novelas policíacas
9 (RLIN) 877
902 ## - CATALOGADOR
Iniciales GFM
942 ## - ELEMENTOS DE PUNTO DE ACCESO ADICIONAL (KOHA)
Fuente del sistema de clasificación o colocación Library of Congress Classification
Tipo de ítem Koha Libros
Holdings
Estado de retiro Estado de pérdida Estado dañado No para préstamo Localización permanente Ubicación/localización actual Fecha de adquisición Número de inventario Total de préstamos Signatura topográfica completa Código de barras Fecha visto por última vez Precio válido a partir de Tipo de ítem Koha
El ejemplar forma parte de la colección y puede ser consultado según las políticas vigentes.       Biblioteca del Museo Franz Mayer (Rogerio Casas-Alatriste) Biblioteca del Museo Franz Mayer (Rogerio Casas-Alatriste) 12/07/2011 I51   PZ3 CH4637 .P47 1932 (I51) 6630 22/03/2019 22/03/2019 Libros